Taylor Swift - 1989 (Taylor's Version) (Tracklist) - Statistics

General Stats
  • This quiz has been taken 279 times
  • The average score is 18 of 21
Answer Stats
Hint Answer % Correct
17. "Slut!"
96%
1. Welcome to New York
96%
2. Blank Space
95%
6. Shake It Off
94%
3. Style
93%
8. Bad Blood
92%
4. Out of the Woods
92%
20. Suburban Legends
88%
14. Wonderland
88%
16. New Romantics
87%
13. Clean
85%
9. Wildest Dreams
85%
11. This Love
83%
12. I Know Places
82%
19. Say Don't Go
82%
10. How You Get The Girl
81%
5. All You Had To Do Was Stay
80%
21. Is It Over Now?
80%
18. Now That We Don't Talk
79%
15. You Are In Love
78%
7. I Wish You Would
75%
No matching quizzes found
Score Distribution
Percent of People with Each Score
Percentile by Number Answered
Your Score History
You have not taken this quiz